01658nam a2200385Ia 4500001001200000003000800012006001900020007001500039008004100054020001500095020001500110020001800125020001800143040002100161035002100182050002500203245013700228260015200365300001700517504005100534533015200585650003400737650002600771650003300797650003100830650002300861650005800884650005000942655002900992700002101021710007001042710001701112856012601129999001701255ebr10559038CaPaEBRm u cr cn|||||||||051021s2006 quc sb 001 0 eng d z0773530622 z077353072X z9780773530621 z9780773575578 aCaPaEBRcCaPaEBR a(OCoLC)75915705414aGE190.C2bI55 2006eb00aInnovation, science, environmenth[electronic resource] :bCanadian policies and performance, 2006-2007 /cedited by G. Bruce Doern. aMontreal ;aIthaca :bPublished for the School of Public Policy and Administration, Carleton University by McGill-Queen's University Press,cc2006. aviii, 245 p. aIncludes bibliographical references and index. aElectronic reproduction.bPalo Alto, Calif. :cebrary,d2011.nAvailable via World Wide Web.nAccess may be limited to ebrary affiliated libraries. 0aEnvironmental policyzCanada. 0aEnvironmental policy. 0aResearch instituteszCanada. 0aScience and statezCanada. 0aScience and state. 0aTechnological innovationsxGovernment policyzCanada. 0aTechnological innovationsxGovernment policy. 7aElectronic books.2local1 aDoern, G. Bruce.2 aCarleton University.bSchool of Public Policy and Administration.2 aebrary, Inc.40uhttp://site.ebrary.com/lib/rucke/Doc?id=10559038zAn electronic book accessible through the World Wide Web; click to view c89341d89341